MLB Toronto Blue Jays Season Home Run Leaders - Statistics

General Stats
  • This quiz has been taken 54 times
  • The average score is 32 of 51
Answer Stats
Year Player % Correct
2014 José Bautista
100%
2011 José Bautista
100%
2010 José Bautista
100%
2024 Vladimir Guerrero Jr.
100%
2023 Vladimir Guerrero Jr.
100%
2022 Vladimir Guerrero Jr.
100%
2021 Vladimir Guerrero Jr.
100%
2015 Josh Donaldson
93%
2016 Edwin Encarnación
90%
2013 Edwin Encarnación
90%
2012 Edwin Encarnación
90%
1995 Joe Carter
86%
1994 Joe Carter
86%
1993 Joe Carter
86%
1992 Joe Carter
86%
1991 Joe Carter
86%
2004 Carlos Delgado
83%
2003 Carlos Delgado
83%
2002 Carlos Delgado
83%
2001 Carlos Delgado
83%
2000 Carlos Delgado
83%
1999 Carlos Delgado
83%
1997 Carlos Delgado
83%
1987 George Bell
69%
1985 George Bell
69%
1984 George Bell
69%
1990 Fred McGriff
64%
1989 Fred McGriff
64%
1988 Fred McGriff
64%
1986 Jesse Barfield
62%
1983 Jesse Barfield
62%
2008 Vernon Wells
62%
2005 Vernon Wells
62%
Justin Smoak
55%
2017 Justin Smoak
55%
2020 Teoscar Hernández
52%
2009 Aaron Hill
38%
1998 José Canseco
33%
2007 Frank Thomas
31%
2019 Randal Grichuk
31%
2018 Randal Grichuk
31%
Willie Upshaw
24%
1982 Willie Upshaw
24%
Tony Batista
21%
1996 Ed Sprague
19%
1981 John Mayberry
19%
1980 John Mayberry
19%
1979 John Mayberry
19%
1978 John Mayberry
19%
2006 Troy Glaus
19%
1977 Ron Fairly
2%
No matching quizzes found
Score Distribution
Percent of People with Each Score
Percentile by Number Answered
Your Score History
You have not taken this quiz